[Event "Klubbmesterskap 1999"]
[Site "Ås, Akershus NOR"]
[Date "1999.03.16"]
[Round "8"]
[White "Moberg, Jan Rune"]
[Black "Furnes, Torstein"]
[Result "1/2-1/2"]
[WhiteElo "1411"]
[BlackElo "1492"]
[PlyCount "102"]
[EventDate "1999.01.19"]

1. e4 c5 2. Nc3 Nc6 3. d3 e6 4. g3 d5 5. Bg2 d4 6. Nce2 e5 7. f4 Bd6 8. Nf3 Nf6
9. O-O O-O 10. fxe5 Nxe5 11. Bf4 Qc7 12. Nxe5 Bxe5 13. c4 Ng4 14. Bd2 h5 15.
Nf4 g6 16. Nd5 Qd6 17. Bf3 Be6 18. Bxg4 Bxg4 19. Qc1 Be2 20. Bh6 Rfe8 21. Rf2
Bxd3 22. Bf4 Bxe4 23. Bxe5 Rxe5 24. Nf6+ Kg7 25. Qf4 Bf5 26. Nd5 Rae8 27. Raf1
Qd7 28. Qg5 Rxd5 29. cxd5 Re5 30. h3 f6 31. Qd2 Bxh3 32. Rc1 Qxd5 33. Qf4 Rf5
34. Qc7+ Kh6 35. Rcc2 Rxf2 36. Rxf2 Qg5 37. Qd6 Qc1+ 38. Kh2 Bf5 39. Qxf6 Be4
40. Qh8+ Kg5 41. Qf6+ Kh6 42. Qh8+ Kg5 43. Qe5+ Bf5 44. Qe7+ (44. Rxf5+ $1 gxf5
45. Qg7#) 44... Kh6 45. Qf6 Be4 46. Qh8+ Kg5 47. Qe5+ Bf5 48. Re2 (48. Rxf5+ $1
gxf5 49. Qg7#) 48... Qf1 49. Qe7+ Kh6 50. Qf8+ Kg5 51. Qe7+ Kh6 1/2-1/2

[Event "Klubbmesterskap 1999"]
[Site "Holstad, Ås, Akershus NOR"]
[Date "1999.04.13"]
[Round "9"]
[White "Lindgard, Gaute"]
[Black "Lea, Per"]
[Result "1-0"]
[WhiteElo "1800"]
[BlackElo "1689"]
[PlyCount "109"]
[EventDate "1999.01.27"]

1. Nf3 Nf6 2. g3 g6 3. Bg2 Bg7 4. O-O O-O 5. d3 d5 6. c3 Re8 7. Nbd2 e5 8. e4
Nc6 9. Qc2 Be6 10. Ng5 d4 11. Nxe6 Rxe6 12. c4 Nb4 13. Qb1 c5 14. a3 Na6 15.
Bh3 Rb6 16. Qc2 Qe7 17. f4 exf4 18. gxf4 Nh5 19. Nf3 Bh6 20. f5 gxf5 21. Bxf5
Kh8 22. Bxh6 Rxh6 23. Qd2 Rg8+ 24. Kf2 Rb6 25. Rg1 Ng7 26. Bh3 Rg6 27. Rab1 Nc7
28. b4 b6 29. bxc5 Rxg1 30. Rxg1 bxc5 31. Qh6 Nce6 32. Bf5 Nxf5 33. Rxg8+ Kxg8
34. exf5 Nf8 35. f6 Qe3+ 36. Qxe3 dxe3+ 37. Kxe3 Nd7 38. d4 Nxf6 39. dxc5 Kf8
40. c6 Ne8 41. Kd4 Ke7 42. Kc5 Nc7 43. Nd4 Ne6+ 44. Nxe6 Kxe6 45. h4 f5 46. h5
f4 47. Kd4 f3 48. Ke3 f2 49. Kxf2 Kd6 50. c7 Kxc7 51. Ke3 Kc6 52. Kd4 a5 53. h6
Kd6 54. c5+ Kc6 55. Kc4 1-0

[Event "Klubbmesterskap 1999"]
[Site "Ås, Akershus NOR"]
[Date "1999.04.13"]
[Round "9"]
[White "Furnes, Torstein"]
[Black "Bakken, Svein-Erik"]
[Result "1/2-1/2"]
[WhiteElo "1492"]
[BlackElo "1313"]
[PlyCount "129"]
[EventDate "1999.01.19"]

1. d4 Nf6 2. c4 e5 3. d5 Bc5 4. e3 d6 5. Nc3 O-O 6. Bd3 c6 7. Nf3 Bb4 8. e4
cxd5 9. cxd5 Bg4 10. O-O a6 11. Bg5 Nbd7 12. h3 Bh5 13. a3 Bc5 14. g4 Bg6 15.
b4 Ba7 16. Rc1 Rc8 17. Qd2 h6 18. Be3 Bxe3 19. Qxe3 Nh7 20. Ne2 Qb6 21. Qxb6
Nxb6 22. Nh4 Ng5 23. Nxg6 fxg6 24. Rxc8 Nxc8 25. Kg2 Rf3 26. Bxa6 bxa6 27. h4
Rxa3 28. hxg5 Rb3 29. Rc1 Ne7 30. Ra1 Rxb4 31. Rxa6 Rxe4 32. Kf3 Rc4 33. Rxd6
e4+ 34. Ke3 h5 35. Rd7 Kf8 36. Rd8+ Kf7 37. gxh5 gxh5 38. Ng3 h4 39. Nxe4 Kg6
40. Rh8 Nxd5+ 41. Kd3 Rb4 42. Rxh4 Kf5 43. Ng3+ Kxg5 44. Rh5+ Kg4 45. Rxd5 Rb3+
46. Ke4 g6 47. Rd6 g5 48. Ne2 Rf3 49. Rd4 Rf8 50. Ke3+ Kh5 51. f3 Rf7 52. Kf2
Rf8 53. Kg3 Rf6 54. Rd5 Kg6 55. Kg4 Kh6 56. Rxg5 Rxf3 57. Rh5+ Kg6 58. Rg5+ Kh6
59. Ra5 Rf6 60. Nf4 Rc6 61. Rh5+ Kg7 62. Rg5+ Kh6 63. Rh5+ Kg7 64. Rg5+ Kh6 65.
Rh5+ 1/2-1/2

[Event "Høstturnering 1998 (avdeling Ås)"]
[Site "Ås, Akershus NOR"]
[Date "1998.09.28"]
[Round "1"]
[White "Skaug, Thorbjørn"]
[Black "Furnes, Torstein"]
[Result "0-1"]
[WhiteElo "1053"]
[BlackElo "1484"]
[PlyCount "108"]
[EventDate "1998.09.15"]

1. b4 d5 2. Bb2 Nf6 3. e3 e6 4. b5 c5 5. c4 Be7 6. Nf3 O-O 7. d4 b6 8. Nbd2 Bb7
9. Be2 Nbd7 10. O-O a5 11. a4 Rc8 12. Qb3 dxc4 13. Nxc4 Bd5 14. Rfc1 Ne4 15.
Qd1 Ndf6 16. Nce5 cxd4 17. Rxc8 Qxc8 18. Bxd4 Qb8 19. Rc1 Ba3 20. Ra1 Bd6 21.
Rc1 Nc5 22. Nc6 Qc7 23. Be5 Bxe5 24. Ncxe5 Rd8 25. Qc2 Qb7 26. Rd1 Rc8 27. Rc1
Bb3 28. Qb2 Bxa4 29. Nc6 Bb3 30. Nfd4 Bd5 31. Bf3 Bxf3 32. Nxf3 Nd5 33. Nfe5 f6
34. Nf3 Ne7 35. Nfd4 e5 36. Nxe7+ Qxe7 37. Nf5 Qd7 38. Qa2+ Kf8 39. g4 Rd8 40.
Qb1 g6 41. Nh6 Kg7 42. Nf5+ gxf5 43. gxf5 Qd3 44. Qxd3 Rxd3 45. Kh1 Rb3 46.
Rg1+ Kf7 47. Rg4 Rxb5 48. Rh4 Kg8 49. Rh6 Kg7 50. Rh4 a4 51. Rg4+ Kh8 52. h4 a3
53. Rg1 a2 54. Kh2 Rb1 0-1

[Event "Høstturnering 1998 (avdeling Ås)"]
[Site "Ås, Akershus NOR"]
[Date "1998.09.22"]
[Round "2"]
[White "Furnes, Torstein"]
[Black "Lea, Per"]
[Result "1/2-1/2"]
[WhiteElo "1484"]
[BlackElo "1689"]
[PlyCount "61"]
[EventDate "1998.09.15"]

1. d4 d5 2. c4 e5 3. e3 exd4 4. Qxd4 Nf6 5. cxd5 Qxd5 6. Nf3 Nc6 7. Qxd5 Nxd5
8. a3 g6 9. Bc4 Nb6 10. Ba2 Bg7 11. Nbd2 O-O 12. O-O Na4 13. Rb1 b6 14. Bb3 Nc5
15. Bc2 Ba6 16. Rd1 Rad8 17. b4 Bd3 18. Bxd3 Nxd3 19. b5 Ne7 20. e4 c5 21. Nc4
Ne5 22. Rxd8 Rxd8 23. Ne3 Nxf3+ 24. gxf3 f5 25. Kg2 f4 26. Nc4 g5 27. Bb2 Bxb2
28. Rxb2 Ng6 29. Rd2 Rxd2 30. Nxd2 Ne5 31. Kf1 1/2-1/2

[Event "Høstturnering 1998 (avdeling Ås)"]
[Site "Ås, Akershus NOR"]
[Date "1998.10.06"]
[Round "3"]
[White "Weberg, Øivind"]
[Black "Lea, Per"]
[Result "1-0"]
[WhiteElo "1619"]
[BlackElo "1689"]
[PlyCount "65"]
[EventDate "1998.09.15"]

1. e4 e5 2. Nf3 Nc6 3. Bb5 a6 4. Ba4 Nf6 5. Qe2 b5 6. Bb3 Be7 7. c3 O-O 8. d3
d6 9. Nbd2 Na5 10. Bc2 c5 11. Nf1 Re8 12. Ng3 g6 13. O-O Bf8 14. Bg5 Bg7 15.
Rad1 Qc7 16. h3 Bb7 17. Rd2 Rad8 18. Rfd1 h6 19. Be3 Kh7 20. Nh2 d5 21. f3 d4
22. Bf2 Nc6 23. Bb1 h5 24. Ngf1 Rc8 25. Rc1 Bh6 26. Bh4 Bxd2 27. Qxd2 Qd6 28.
Qg5 Kg7 29. Ng3 Ne7 30. Rf1 Nh7 31. Nxh5+ Kh8 32. Qh6 Rg8 33. Bf6+ 1-0

[Event "Høstturnering 1998 (avdeling Ås)"]
[Site "Ås, Akershus NOR"]
[Date "1998.10.06"]
[Round "3"]
[White "Bekkelien, Glenn Lewi"]
[Black "Furnes, Torstein"]
[Result "1-0"]
[WhiteElo "1557"]
[BlackElo "1484"]
[PlyCount "59"]
[EventDate "1998.09.15"]

1. Nf3 d5 2. g3 Nf6 3. Bg2 c5 4. O-O Nc6 5. d3 e5 6. Nbd2 Bd6 7. e4 dxe4 8.
dxe4 O-O 9. c3 b5 10. a4 Qb6 11. axb5 Qxb5 12. Qc2 Bb7 13. Rd1 Rfd8 14. Bf1 Qb6
15. Nc4 Qc7 16. Bg5 Rd7 17. Bxf6 gxf6 18. Bh3 Rdd8 19. Ne3 Ne7 20. Nh4 Qc6 21.
Nhf5 Nxf5 22. Nxf5 Bf8 23. Bg2 Qb6 24. Qe2 Rxd1+ 25. Rxd1 Rd8 26. Ra1 a5 27.
Ne3 Ba6 28. c4 Qb4 29. Nd5 Bxc4 $4 30. Qg4+ 1-0

[Event "Høstturnering 1998 (avdeling Ås)"]
[Site "Ås, Akershus NOR"]
[Date "1998.10.13"]
[Round "4"]
[White "Lea, Per"]
[Black "Hagesæther, Nina"]
[Result "0-1"]
[WhiteElo "1689"]
[BlackElo "2079"]
[PlyCount "56"]
[EventDate "1998.09.15"]

1. e4 d6 2. d4 Nf6 3. Nc3 g6 4. f4 Bg7 5. Nf3 O-O 6. Be2 a6 7. O-O b5 8. a3 Bb7
9. d5 c6 10. dxc6 Bxc6 11. Qd3 Nbd7 12. Nd4 Bb7 13. b4 Rc8 14. Bf3 Qc7 15. Bd2
Nb6 16. e5 dxe5 17. Bxb7 exd4 18. Bxc8 dxc3 19. Bxa6 cxd2 20. Bxb5 Rd8 21. Qb3
Ne4 22. Rad1 Bd4+ 23. Kh1 Nf2+ 24. Rxf2 Bxf2 25. c4 Qxf4 26. c5 Nd5 27. Qd3 Be1
28. Bc4 Qe3 {Tid} 0-1

[Event "Høstturnering 1998 (avdeling Ås)"]
[Site "Ås, Akershus NOR"]
[Date "1998.10.13"]
[Round "4"]
[White "Furnes, Torstein"]
[Black "Delphin, Nils Håkon"]
[Result "1-0"]
[WhiteElo "1484"]
[BlackElo "1122"]
[PlyCount "25"]
[EventDate "1998.09.15"]

1. d4 d5 2. c4 c6 3. Nc3 Nf6 4. Bf4 Bf5 5. e3 b6 6. Nf3 Nbd7 7. Qa4 Qc8 8. cxd5
cxd5 9. Ba6 Qd8 10. Nb5 e5 11. Nxe5 Nh5 12. Nc6 Qf6 13. Nc7# 1-0

[Event "Høstturnering 1998 (avdeling Ås)"]
[Site "Holstad, Ås, Akershus NOR"]
[Date "1998.10.20"]
[Round "5"]
[White "Johnsen, Ståle"]
[Black "Lea, Per"]
[Result "0-1"]
[WhiteElo "1441"]
[BlackElo "1689"]
[PlyCount "52"]
[EventDate "1998.09.15"]

1. e4 e5 2. Nf3 Nc6 3. d4 exd4 4. Bc4 Nf6 5. O-O d5 6. exd5 Nxd5 7. Ng5 Be6 8.
Re1 Qd7 9. Nxe6 fxe6 10. Qh5+ Kd8 11. Bg5+ Be7 12. Na3 Bxg5 13. Qxg5+ Kc8 14.
Rxe6 Qxe6 15. Bxd5 Qe5 16. Qg4+ Kb8 17. Qf3 Re8 18. h3 Qf6 19. Qb3 Na5 20. Qb5
Nc6 21. Qb3 a6 22. Rd1 Ka7 23. Qa4 Rad8 24. Nb5+ Kb8 25. Nxd4 Rxd5 26. Nxc6+
Qxc6 0-1

[Event "Høstturnering 1998 (avdeling Ås)"]
[Site "Ås, Akershus NOR"]
[Date "1998.10.20"]
[Round "5"]
[White "Hagesæther, Nina"]
[Black "Furnes, Torstein"]
[Result "1-0"]
[WhiteElo "2079"]
[BlackElo "1484"]
[PlyCount "107"]
[EventDate "1998.09.15"]

1. e4 c5 2. Nc3 Nc6 3. g3 d6 4. Bg2 Nf6 5. d3 g6 6. f4 Bg7 7. Nf3 O-O 8. O-O
Bg4 9. h3 Bd7 10. Nh4 Rb8 11. Be3 b5 12. Qe1 a5 13. g4 b4 14. Nd1 a4 15. c3 a3
16. bxa3 bxa3 17. g5 Ne8 18. f5 Ne5 19. Qd2 Bb5 20. Nf2 Ba6 21. Rab1 Rb6 22.
Nf3 Qb8 23. Rxb6 Qxb6 24. Nxe5 Bxe5 25. Ng4 Nc7 26. f6 exf6 27. Nxf6+ Bxf6 28.
Rxf6 Qb1+ 29. Bf1 Ne6 30. c4 Rb8 31. Qa5 Bb7 32. Qxa3 Ra8 33. Qb3 Qxb3 34. axb3
Ra3 35. h4 Rxb3 36. Bf2 Rb1 37. Bg3 Rb6 38. Kf2 Bc8 39. Ke3 Kf8 40. Rf2 Ke7 41.
Ra2 Ra6 42. Rb2 Kd7 43. Be1 Ke7 44. Bc3 Kd7 45. Bf6 Ke8 46. Bg2 Kd7 47. Rf2 Bb7
48. h5 Ra8 49. hxg6 hxg6 50. Bh3 Ra3 51. Bb2 Rb3 52. Rxf7+ Ke8 53. Bxe6 Rxb2
54. Rg7 1-0

[Event "Høstturnering 1998 (avdeling Ås)"]
[Site "Ås, Akershus NOR"]
[Date "1998.11.03"]
[Round "6"]
[White "Næssvold, Kjell"]
[Black "Furnes, Torstein"]
[Result "1-0"]
[WhiteElo "1884"]
[BlackElo "1484"]
[PlyCount "115"]
[EventDate "1998.09.15"]

1. d4 d5 2. Nf3 Nf6 3. e3 Bg4 4. c4 e6 5. Qb3 b6 6. Ne5 c6 7. cxd5 exd5 8. Nxg4
Nxg4 9. h3 Nf6 10. Nc3 Bd6 11. Bd3 O-O 12. Bd2 Nbd7 13. Qc2 c5 14. O-O c4 15.
Be2 Qe7 16. Bf3 Qe6 17. e4 dxe4 18. Nxe4 Rac8 19. Rfe1 Qf5 20. Qa4 Bb8 21. Qa3
Rfe8 22. Nd6 Bxd6 23. Qxd6 Qc2 24. Bc3 a5 25. Bc6 Qf5 26. d5 Red8 27. Qg3 Nc5
28. Re5 Qd3 29. Re3 Qg6 30. Qxg6 hxg6 31. Bxf6 gxf6 32. Rc1 Nd3 33. Rxc4 Nb4
34. a3 Nxc6 35. dxc6 Rd6 36. c7 Rd7 37. Rec3 Kf8 38. Rc6 f5 39. Kh2 Ke7 40.
Rxb6 Rdxc7 41. Rxc7+ Rxc7 42. Rb5 a4 43. Rb4 Rc2 44. Kg3 Kf6 45. h4 Ke5 46. Kf3
Rd2 47. Ke3 Rc2 48. g3 Ke6 49. f3 Rg2 50. Kf4 Kf6 51. g4 fxg4 52. fxg4 Rf2+ 53.
Ke3 Rh2 54. g5+ Kf5 55. Kd3 Ke5 56. Kc3 Rh3+ 57. Kc2 Rh2+ 58. Kb1 1-0

[Event "Høstturnering 1998 (avdeling Ås)"]
[Site "Holstad, Ås, Akershus NOR"]
[Date "1998.11.03"]
[Round "6"]
[White "Lea, Per"]
[Black "Ådnøy, Hallvard Voll"]
[Result "0-1"]
[WhiteElo "1689"]
[BlackElo "2023"]
[PlyCount "94"]
[EventDate "1998.09.15"]

1. e4 e5 2. Nf3 Nc6 3. Bb5 a6 4. Ba4 Nf6 5. O-O b5 6. Bb3 Be7 7. Re1 O-O 8. c3
d6 9. h3 h6 10. d4 Re8 11. Nbd2 Bf8 12. Bc2 Bd7 13. Nf1 g6 14. Ng3 Bg7 15. Be3
Rb8 16. Qd2 Kh7 17. a3 Qc8 18. Nh2 Na5 19. b3 c5 20. dxc5 dxc5 21. c4 Nb7 22.
Bd3 Rd8 23. Qe2 Na5 24. cxb5 axb5 25. Rab1 Be6 26. Bxb5 Nxb3 27. Bc4 Nd4 28.
Qa2 Rd6 29. Rxb8 Qxb8 30. Rc1 Qa7 31. Bxe6 Rxe6 32. Nhf1 Ra6 33. Ra1 Ra4 34.
Nd2 Qa6 35. Nb3 Qc4 36. Nxd4 cxd4 37. Qxc4 Rxc4 38. Bd2 d3 39. Kf1 Nxe4 40.
Nxe4 Rxe4 41. a4 Re2 42. Rd1 e4 43. a5 Bd4 44. Be3 Bxe3 45. fxe3 Ra2 46. Rb1
Rxa5 47. Rd1 Ra2 0-1

[Event "Høstturnering 1998 (avdeling Ås)"]
[Site "Holstad, Ås, Akershus NOR"]
[Date "1998.11.10"]
[Round "7"]
[White "Lea, Per"]
[Black "Moberg, Jan Rune"]
[Result "1-0"]
[WhiteElo "1689"]
[BlackElo "1370"]
[PlyCount "53"]
[EventDate "1998.09.15"]

1. e4 d6 2. d4 Nf6 3. Nc3 g6 4. Nf3 Bg7 5. Bc4 O-O 6. Be3 c6 7. a4 Qa5 8. O-O
Qc7 9. h3 Nbd7 10. Qd2 e5 11. Bh6 exd4 12. Nxd4 Bxh6 13. Qxh6 Qb6 14. Nb3 Ne5
15. a5 Qc7 16. Be2 d5 17. f4 Nc4 18. e5 Ne8 19. Bxc4 dxc4 20. Nd4 Qe7 21. Ne4
f6 22. Rae1 Bd7 23. e6 Bc8 24. f5 gxf5 25. Nxf5 Qxe6 26. Ng5 fxg5 27. Rxe6 1-0

[Event "Høstturnering 1998 (avdeling Ås)"]
[Site "Ås, Akershus NOR"]
[Date "1998.11.10"]
[Round "7"]
[White "Furnes, Torstein"]
[Black "Weberg, Øivind"]
[Result "0-1"]
[WhiteElo "1484"]
[BlackElo "1619"]
[PlyCount "88"]
[EventDate "1998.09.15"]

1. d4 c5 2. d5 e6 3. dxe6 fxe6 4. e4 Nc6 5. Nf3 d5 6. exd5 exd5 7. Be2 Nf6 8.
O-O Be7 9. c4 d4 10. Bf4 O-O 11. Na3 a6 12. Nc2 Bf5 13. Bd3 Qd7 14. Ne5 Nxe5
15. Bxe5 Bxd3 16. Qxd3 Ng4 17. Rae1 Nxe5 18. Rxe5 Bd6 19. Rh5 g6 20. Rd5 Rfe8
21. f4 Qc7 22. g3 Re6 23. f5 Rf6 24. fxg6 Rxg6 25. Rf3 Rf8 26. Rxf8+ Kxf8 27.
Rf5+ Kg7 28. Kg2 Qe7 29. Qf3 b5 30. b3 bxc4 31. bxc4 Qe6 32. Qb7+ Be7 33. Qd5
Qxd5+ 34. Rxd5 Rb6 35. Rd7 Kf7 36. Nxd4 cxd4 37. Rxd4 Rb2+ 38. Kh3 Rxa2 39.
Rf4+ Ke8 40. Re4 a5 41. Re6 a4 42. Rh6 a3 43. Rxh7 Kd7 44. Kg4 Rc2 0-1

[Event "Høstturnering 1998 (avdeling Ås)"]
[Site "Holstad, Ås, Akershus NOR"]
[Date "1998.11.30"]
[Round "8"]
[White "Bekkelien, Glenn Lewi"]
[Black "Lea, Per"]
[Result "1/2-1/2"]
[WhiteElo "1557"]
[BlackElo "1689"]
[PlyCount "112"]
[EventDate "1998.09.15"]

1. Nf3 Nf6 2. g3 g6 3. Bg2 Bg7 4. O-O O-O 5. d3 d6 6. Nbd2 Bd7 7. c3 Qc8 8. Re1
Bh3 9. Bh1 h6 10. e4 e5 11. Nc4 Nbd7 12. Nh4 Nb6 13. Ne3 Ng4 14. Nxg4 Bxg4 15.
Bf3 Bxf3 16. Qxf3 Kh7 17. a4 Qd7 18. b3 Nc8 19. Ra2 Ne7 20. c4 f5 21. Qg2 Nc6
22. exf5 gxf5 23. f4 exf4 24. Bxf4 Nb4 25. Rae2 Nxd3 26. Rf1 Nxf4 27. Rxf4 Be5
28. Rf1 f4 29. Qe4+ Kg8 30. gxf4 Bg7 31. Rg2 Qh3 32. Qg6 Rf7 33. Qxh6 Qxg2+ 34.
Kxg2 Bxh6 35. f5 Raf8 36. Ng6 Rxf5 37. Ne7+ Kh7 38. Nxf5 Rg8+ 39. Kf3 Bg7 40.
Rg1 Be5 41. Rxg8 Kxg8 42. h4 Kf7 43. Kg4 Ke6 44. Kg5 Kf7 45. Nh6+ Kg7 46. Ng4
Bc3 47. Kf5 Kf7 48. Ne3 c6 49. h5 Bd2 50. Ke4 Kf6 51. Nf5 d5+ 52. cxd5 cxd5+
53. Kd3 Bf4 54. Ne3 Ke5 55. Ng4+ Kf5 56. Ne3+ Ke5 1/2-1/2

[Event "Høstturnering 1998 (avdeling Ski)"]
[Site "Ski, Akershus NOR"]
[Date "1998.09.14"]
[Round "1"]
[White "Furnes, Torstein"]
[Black "Spillum, Jahn"]
[Result "1/2-1/2"]
[WhiteElo "1484"]
[BlackElo "1877"]
[PlyCount "116"]
[EventDate "1998.09.14"]

1. d4 Nf6 2. c4 g6 3. Nc3 Bg7 4. e4 d6 5. f4 O-O 6. Nf3 c6 7. Be2 d5 8. e5 Ne8
9. O-O Nc7 10. Be3 f5 11. b4 e6 12. a4 dxc4 13. Bxc4 Nd5 14. Nxd5 exd5 15. Bb3
h6 16. Rc1 a6 17. Qd2 Be6 18. Rc2 Nd7 19. Rfc1 Nb6 20. a5 Nc8 21. Ne1 Rf7 22.
Nd3 Bf8 23. Nc5 Bxc5 24. bxc5 Na7 25. Ba4 Rg7 26. Rb2 g5 27. Rcb1 Nb5 28. Bxb5
axb5 29. Ra2 Rg6 30. Rba1 Ra6 31. Qe2 Kg7 32. Bd2 Qe7 33. Rf1 Ra8 34. Ra3 g4
35. Kh1 h5 36. Qf2 h4 37. g3 Rh6 38. Kg2 Rah8 39. Rh1 Bc8 40. Kf1 Kf7 41. Qg2
hxg3 42. Rxg3 Rh3 43. Be1 Qd8 44. Qd2 Qh4 45. Kg1 Qh5 46. Qg2 Qh6 47. Qd2 Rh7
48. Qf2 Ke6 49. Qd2 Qg7 50. Rxh3 gxh3+ 51. Bg3 Qg4 52. Kf2 Qg8 53. Ra1 Rg7 54.
Rg1 Rg4 55. Ra1 Qh8 56. Rg1 Qh5 57. Ra1 Qh6 58. Rg1 Qg6 1/2-1/2

[Event "Høstturnering 1998 (avdeling Ski)"]
[Site "Ski, Akershus NOR"]
[Date "1998.09.21"]
[Round "2"]
[White "Bakken, Svein-Erik"]
[Black "Furnes, Torstein"]
[Result "1/2-1/2"]
[WhiteElo "1288"]
[BlackElo "1484"]
[PlyCount "83"]
[EventDate "1998.09.14"]

1. d4 d5 2. c4 e6 3. Nc3 Nf6 4. Bg5 Be7 5. e3 O-O 6. Nf3 b6 7. cxd5 exd5 8. a3
Bg4 9. Be2 Nbd7 10. O-O h6 11. Bh4 Re8 12. Rc1 Rc8 13. Ba6 Rb8 14. b4 Nf8 15.
Nb5 Ne4 16. Nxc7 Bxh4 17. Nxe8 Qxe8 18. Be2 Bxf2+ 19. Rxf2 Nxf2 20. Kxf2 Qe7
21. Ne5 Qh4+ 22. Kg1 Bxe2 23. Qxe2 Re8 24. Qf3 Qe7 25. Qxd5 Ng6 26. Ng4 Rd8 27.
Qf3 h5 28. Nf2 Re8 29. e4 Qd6 30. Rd1 h4 31. e5 Qc7 32. Ne4 Rd8 33. Nd6 Rxd6
34. exd6 Qxd6 35. h3 Nf4 36. d5 g5 37. Kh1 Kg7 38. g3 hxg3 39. Qxg3 f6 40. h4
Kg6 41. hxg5 fxg5 42. Qh2 1/2-1/2

[Event "Høstturnering 1998 (avdeling Ski)"]
[Site "Ski, Akershus NOR"]
[Date "1998.10.05"]
[Round "3"]
[White "Furnes, Torstein"]
[Black "Warendorph, Hakon"]
[Result "1-0"]
[WhiteElo "1484"]
[BlackElo "1476"]
[PlyCount "65"]
[EventDate "1998.09.14"]

1. d4 d5 2. c4 e6 3. Nc3 Nf6 4. Bg5 Be7 5. e3 O-O 6. Nf3 Nbd7 7. Bd3 dxc4 8.
Bxc4 Re8 9. O-O c6 10. e4 h6 11. Bf4 Nf8 12. Ne5 Bb4 13. Qd3 Ba5 14. Rad1 Bb4
15. Rfe1 Qe7 16. Qh3 Rd8 17. Re3 Bd6 18. Rg3 Ng6 19. Nxg6 fxg6 20. Bxd6 Qe8 21.
e5 Nd5 22. Rf3 Rxd6 23. exd6 e5 24. Qg3 exd4 25. Nxd5 cxd5 26. Bxd5+ Kh7 27.
Bf7 Qe4 28. Rf4 Qc2 29. Qd3 Bf5 30. Qxc2 Bxc2 31. Rdxd4 Rd8 32. d7 Bf5 33. Be8
1-0

[Event "Høstturnering 1998 (avdeling Ski)"]
[Site "Ski, Akershus NOR"]
[Date "1998.10.12"]
[Round "4"]
[White "Solem, Trond"]
[Black "Furnes, Torstein"]
[Result "1-0"]
[WhiteElo "2075"]
[BlackElo "1484"]
[PlyCount "144"]
[EventDate "1998.09.14"]

1. e4 c5 2. Nf3 Nc6 3. d4 cxd4 4. Nxd4 e5 5. Nb5 d6 6. N1c3 a6 7. Na3 b5 8. Nd5
Nf6 9. Bg5 Be7 10. Bxf6 Bxf6 11. c3 O-O 12. Nc2 Be6 13. Nce3 Bg5 14. Bd3 Bxe3
15. Nxe3 Qd7 16. O-O Rad8 17. a4 Ne7 18. Qe2 bxa4 19. Rfd1 Bb3 20. Rd2 a5 21.
Bb5 Qc7 22. Bxa4 Bxa4 23. Rxa4 f5 24. exf5 Nxf5 25. Nd5 Qc5 26. g3 Rf7 27. Qa6
Ra7 28. Qd3 Rf7 29. Rc4 Qa7 30. Rc6 Rdf8 31. Qa6 Ra8 32. Qxa7 Rfxa7 33. Ne3
Nxe3 34. fxe3 Rb7 35. Rcxd6 Rab8 36. Ra6 Rxb2 37. Rxb2 Rxb2 38. Rxa5 Rc2 39.
Rxe5 Rxc3 40. Kg2 Kf7 41. Kf3 Kf6 42. Ra5 g5 43. Ra6+ Kg7 44. Ra2 Rc4 45. e4
Kf6 46. Ke3 Rc1 47. Rd2 Ke6 48. Kf3 h5 49. Ke3 Ke5 50. Rd5+ Kf6 51. Rf5+ Kg6
52. Rf2 Rd1 53. e5 Re1+ 54. Kd4 Rd1+ 55. Kc5 Re1 56. Kd6 Rd1+ 57. Ke7 Kg7 58.
e6 Kg6 59. Ke8 Kg7 60. e7 Rd5 61. h3 Rd3 62. Rf5 Rxg3 63. Kd7 Rd3+ 64. Ke6 Re3+
65. Kd6 Rd3+ 66. Kc5 Re3 67. Kd6 Rd3+ 68. Kc7 Re3 69. Kd7 Rd3+ 70. Ke8 Rxh3 71.
Rxg5+ Kh6 72. Re5 Kg6 1-0

[Event "Høstturnering 1998 (avdeling Ski)"]
[Site "Ski, Akershus NOR"]
[Date "1998.10.19"]
[Round "5"]
[White "Furnes, Torstein"]
[Black "Olsen, Trygve"]
[Result "0-1"]
[WhiteElo "1484"]
[BlackElo "1265"]
[PlyCount "92"]
[EventDate "1998.09.14"]

1. d4 d5 2. c4 c5 3. e3 Nc6 4. cxd5 Qxd5 5. Nc3 Qd8 6. d5 Ne5 7. f4 Ng4 8. Bb5+
Bd7 9. Qxg4 Bxb5 10. Nxb5 Qa5+ 11. Nc3 Nf6 12. Qd1 b5 13. Bd2 Qb6 14. Qb3 a6
15. Nf3 c4 16. Qc2 Rd8 17. e4 Ng4 18. Nd1 e6 19. h3 Nf6 20. dxe6 Qxe6 21. Ng5
Qc6 22. Nf2 h6 23. Nf3 Bc5 24. e5 Bxf2+ 25. Kxf2 Ne4+ 26. Ke1 Rd3 27. Bb4 a5
28. Bxa5 O-O 29. Rc1 Qa6 30. Bb4 Rfd8 31. b3 Qb6 32. bxc4 bxc4 33. Bd6 Re3+ 34.
Kd1 Nxd6 35. exd6 Rxd6+ 36. Nd2 c3 37. Rb1 Qc7 38. Qb3 Rxd2+ 39. Kc1 Qe7 40.
Qb8+ Kh7 41. Rd1 Qa3+ 42. Rb2 Rxd1+ 43. Kxd1 cxb2 44. Qb5 Qd6+ 45. Kc2 Qc7+ 46.
Kxb2 Qc3+ 0-1

[Event "Høstturnering 1998 (avdeling Ski)"]
[Site "Ski, Akershus NOR"]
[Date "1998.11.02"]
[Round "6"]
[White "Furnes, Torstein"]
[Black "Høyer, Tor"]
[Result "1/2-1/2"]
[WhiteElo "1484"]
[BlackElo "1305"]
[PlyCount "107"]
[EventDate "1998.09.14"]

1. d4 d5 2. c4 e6 3. Nc3 Nf6 4. Bg5 Be7 5. e3 b6 6. Nf3 Bb7 7. Bd3 dxc4 8. Bxc4
Nbd7 9. O-O a6 10. Re1 O-O 11. Rc1 Ne4 12. Nxe4 Bxe4 13. Bxe7 Qxe7 14. Bd3 Bxd3
15. Qxd3 Rfc8 16. Rc6 b5 17. Rec1 Qd8 18. Qc3 Ra7 19. Qa5 Nb8 20. R6c2 Nd7 21.
Nd2 Nf6 22. Rc6 h6 23. Rxa6 Rxa6 24. Qxa6 Ra8 25. Qxb5 Rxa2 26. Qb7 Nd5 27. g3
Qa8 28. Qxa8+ Rxa8 29. e4 Nb4 30. Rxc7 Ra1+ 31. Kg2 g5 32. Rc4 Nd3 33. b4 g4
34. Rc8+ Kg7 35. e5 Ne1+ 36. Kf1 Nf3+ 37. Ke2 Nxd4+ 38. Kd3 Nf3 39. Nxf3 gxf3
40. b5 Rb1 41. Rb8 Kg6 42. Ke4 Re1+ 43. Kxf3 Rxe5 44. b6 Rb5 45. b7 Kf6 46. h4
h5 47. Ke4 e5 48. Rh8 Rxb7 49. Rh6+ Kg7 50. Rxh5 f6 51. Kf5 Rb2 52. f3 Rb3 53.
Kg4 Rb4+ 54. Kf5 1/2-1/2

[Event "Høstturnering 1998 (avdeling Ski)"]
[Site "Ski, Akershus NOR"]
[Date "1998.11.16"]
[Round "7"]
[White "Lystad, Frank"]
[Black "Furnes, Torstein"]
[Result "0-1"]
[WhiteElo "1419"]
[BlackElo "1484"]
[PlyCount "96"]
[EventDate "1998.09.14"]

1. e4 c5 2. Nf3 Nc6 3. d4 cxd4 4. Nxd4 e5 5. Nf3 Nf6 6. Bd3 d5 7. exd5 Nxd5 8.
Be4 Qa5+ 9. Bd2 Qc5 10. Bxd5 Qxd5 11. Nc3 Qc4 12. Qe2 Qxe2+ 13. Nxe2 Bf5 14.
O-O-O Bc5 15. Be3 Bxe3+ 16. fxe3 Nb4 17. Rd2 Nxa2+ 18. Kb1 Nb4 19. Nxe5 Rc8 20.
Nd4 Be4 21. Nd3 Nd5 22. Nb5 Ke7 23. Re1 a6 24. Nd4 b5 25. g3 b4 26. Nf4 Rhd8
27. Nxd5+ Rxd5 28. Red1 Rdc5 29. Rf1 a5 30. Rf4 Bg6 31. e4 a4 32. Nf5+ Bxf5 33.
exf5 Rc4 34. Rxc4 Rxc4 35. b3 axb3 36. cxb3 Re4 37. Kc2 Kf6 38. Rf2 Kg5 39. Kd3
Rg4 40. Rf3 Kf6 41. h3 Rg5 42. g4 h5 43. Rf4 hxg4 44. hxg4 g6 45. Ke4 Rxg4 46.
fxg6+ Rxf4+ 47. Kxf4 fxg6 48. Kg4 Ke5 0-1

[Event "Høstturnering 1998 (avdeling Ski)"]
[Site "Ski, Akershus NOR"]
[Date "1998.11.23"]
[Round "8"]
[White "Furnes, Torstein"]
[Black "Thorvaldsen, Per"]
[Result "1-0"]
[WhiteElo "1484"]
[BlackElo "894"]
[PlyCount "67"]
[EventDate "1998.09.14"]

1. d4 d5 2. c4 Nf6 3. Nc3 e6 4. Bf4 Bb4 5. e3 O-O 6. a3 Bxc3+ 7. bxc3 Re8 8.
Nf3 Ne4 9. Qc2 Nd7 10. Bd3 Ndf6 11. O-O b6 12. Ne5 Bb7 13. cxd5 exd5 14. f3 c5
15. fxe4 c4 16. Be2 Nxe4 17. Bf3 f6 18. Bxe4 dxe4 19. Nxc4 Ba6 20. Qa4 Bxc4 21.
Qxc4+ Kh8 22. a4 Rc8 23. Qb4 Qd5 24. a5 Rc4 25. Qb3 b5 26. a6 Re6 27. Ra5 h6
28. Rxb5 Rb6 29. Rxb6 axb6 30. a7 b5 31. Ra1 Qa8 32. Qxb5 Rxc3 33. Qb8+ Rc8 34.
Qxc8+ 1-0

[Event "Høstturnering 1998 (avdeling Ski)"]
[Site "Ski, Akershus NOR"]
[Date "1998.12.14"]
[Round "9"]
[White "Rangøy, Helge"]
[Black "Furnes, Torstein"]
[Result "1-0"]
[WhiteElo "1648"]
[BlackElo "1484"]
[PlyCount "77"]
[EventDate "1998.09.14"]

1. e4 c5 2. Nf3 Nc6 3. d4 cxd4 4. Bc4 e6 5. Nxd4 Nf6 6. Nxc6 bxc6 7. Qe2 d5 8.
exd5 cxd5 9. Bb5+ Bd7 10. O-O Be7 11. b3 O-O 12. a4 Bxb5 13. axb5 Qc7 14. Be3
Qe5 15. Nd2 Rfc8 16. Nf3 Qe4 17. Nd4 Bc5 18. Nc6 Rxc6 19. bxc6 d4 20. Qb5 Bd6
21. Bg5 Rb8 22. Qc4 Qe5 23. f4 Qe3+ 24. Kh1 Ng4 25. Bh4 Bxf4 26. Rxf4 Qxf4 27.
Bg3 Nf2+ 28. Kg1 Nh3+ 29. gxh3 Qe3+ 30. Bf2 Qg5+ 31. Kh1 Qf5 32. Rf1 Qf3+ 33.
Kg1 Qxh3 34. Qxd4 Qf5 35. c7 Rf8 36. Qc5 Qg6+ 37. Bg3 Rc8 38. Qe7 Rf8 39. Qxf8+
1-0